000 00926cab a2200373 4500
001 ABS44352
008 090401t1991 xxu||||| |||| 00| 0 eng d
035 _a(Sirsi) u46729
041 _aeng
100 _aCooper, P.
245 _aWhen the going gets tough
260 _c1991
350 _a0
490 _aBuilding
_v256(7695) 3 May 1991, 16-18 (3)
520 _aReviews financial results from the major construction companies and predicts how they will fare over 1991 .
650 _a1990
650 _aALFRED MCALPINE
650 _aAMEC
650 _aBARRATT
650 _aBEAZER
650 _aBUILDING INDUSTRY
650 _aCOSTAIN
650 _aFORECAST
650 _aLAING
650 _aMOWLEM
650 _aPROFITS
650 _aSTATISTICS
650 _aTARMAC
650 _aTAYLOR WOODROW
650 _aWIMPEY
690 _aBUILT ENVIRONMENT
942 _n0
948 _c04/03/1997
999 _c29534
_d29534